Culture Générale - Série 2388 - Statistiques

Statistiques générales
  • Ce quiz a été pris 143 fois
  • Le résultat moyen est 6 sur 10
Statistiques - réponses
Question Réponse % Correct
Sur quel fleuve d'Afrique peut-on voir des felouques ? Nil
85%
Comment appelle-t-on plus couramment le hérisson de mer ? oursin
85%
Lorsque l’on satisfait deux personnes aux intérêts opposés, on dit que l’on ménage la chèvre et le ... chou
78%
Dans quelle ville le général de Gaulle a-t-il prononcé son discours « Je vous ai compris » en 1958 ? Alger
75%
Quelle femme a été la première élue à l’Académie française en 1980 ? prénom et nom Marguerite Yourcenar
69%
Dans un tribunal, compartiment dans lequel prennent place les accusés box
68%
Le nom de code du Débarquement du 6 juin 1944 était : "Opération ... Overlord
64%
Dans quelle ville se trouve le château des ducs de Savoie ? Chambéry
44%
Dans l'Armée, quel est le grade au dessus de Commandant ? lieutenant-colonel
38%
Quel est le prénom du poète romancier ayant écrit "Ubu roi" ? voir photo Alfred
32%
Aucun quiz correspondant
Distribution des résultats
% des personnes avec chaque résultat
Percentile par nombre de réponses
Votre historique - résultats
Vous n’avez pas pris ce quiz